Name a Valid Year - Rome - Statistics

General Stats
  • This quiz has been taken 454 times
  • The average score is 8 of 17
Answer Stats
Name a year when... Answer % Correct
Augustus was Emperor 27 BC - 14
75%
Rome was a kingdom 753 BC - 509 BC
75%
Julius Caesar was conducting his Gallic Wars 58 BC - 50 BC
70%
Trajan was Emperor 98 -117
61%
Justinian was Emperor 527 - 565
57%
The Colosseum was being constructed 72 - 80
53%
The Second Triumvirate was active 43 BC - 32 BC
50%
Odoacer was King of Italy 476 - 493
49%
The Crisis of the ----- Century was taking place 235 - 284
47%
Sulla was alive 138 BC - 78 BC
45%
The Antonine Wall was under construction or active 142 - 184
44%
The Empire was officially ruled by the Tetrarchy 293 - 324
40%
Sextus Pompey controlled Sicily with his navy 45 BC - 36 BC
38%
The Second Punic War was taking place 218 BC - 201 BC
36%
Four or more people claimed the title of Emperor 69, 193, 238
33%
Lucius Tarquinius Superbus was king 534 BC - 509 BC
32%
The Komnenian dynasty ruled 1081 - 1185
26%
No matching quizzes found
Score Distribution
Percent of People with Each Score
Percentile by Number Answered
Your Score History
You have not taken this quiz